| 000 | 00408nam a22001457a 4500 | ||
|---|---|---|---|
| 005 | 20180129111101.0 | ||
| 008 | 180129b xxu||||| |||| 00| 0 eng d | ||
| 040 | _cPK-LaUMT | ||
| 082 |
_aPKAC 297.082 _bJAL-I |
||
| 100 | _aJalal ud Din Umari | ||
| 245 |
_aIslam mein aurat kay haquq/ _cJalal ud Din Umari |
||
| 260 |
_aلاہور؛ _bاسلامک پبلیکیشنز، _c1993 |
||
| 300 | _a200 | ||
| 942 | _cBK | ||
| 999 |
_c102359 _d102359 |
||